Roads a Christian must travel: (Record no. 13081)

000 -LEADER
fixed length control field 00714nam a2200193 a 4500
001 - CONTROL NUMBER
control field :::00010899$&:&@@
003 - CONTROL NUMBER IDENTIFIER
control field OkBaRHE
005 - DATE AND TIME OF LATEST TRANSACTION
control field 20000607103403.0
008 - FIXED-LENGTH DATA ELEMENTS--GENERAL INFORMATION
fixed length control field s1979 j 000 0 eng u
040 ## - CATALOGING SOURCE
Transcribing agency
100 1# - MAIN ENTRY--PERSONAL NAME
Personal name Tenney, Merrill Chapin, 1904-
245 10 - TITLE STATEMENT
Title Roads a Christian must travel:
Remainder of title fresh insights into the principles of Christian experience.
260 ## - PUBLICATION, DISTRIBUTION, ETC. (IMPRINT)
Place of publication, distribution, etc Wheaton, IL., :
Name of publisher, distributor, etc Tyndale House Publishers
Date of publication, distribution, etc c1979
300 ## - PHYSICAL DESCRIPTION
Extent 108 p. ;
Dimensions 21 cm.
650 ## - SUBJECT ADDED ENTRY--TOPICAL TERM
Topical term or geographic name as entry element Bible New Testament Luke and Acts
General subdivision Criticism, Interpretation, etc.
650 ## - SUBJECT ADDED ENTRY--TOPICAL TERM
Topical term or geographic name as entry element Christian Life
General subdivision 1960-
942 ## - ADDED ENTRY ELEMENTS (KOHA)
Source of classification or shelving scheme
Koha item type Books
Copies
Full call number Source of classification or shelving scheme Barcode Date last seen Withdrawn status Shelving location Damaged status Date acquired Lost status Price effective from Not for loan Permanent Location Koha item type Copy number
BV 4501.2 .T422 108992010-04-14 General Stacks 2010-04-14 2010-04-14 RHEMA Bible Training CollegeBooks1